zpět

Detail výsledku týmu

Pub Na Plech ČT - Žižkov, Praha

Datum a čas kvízu

26 Celkem bodů Celkový počet nahraných bodů na tomto kvízu bez doplňovacích otázek.
4. Pořadí na kvízu Konečné umístění týmu na tomto kvízu.

Zaznamenané odpovědi

# Otázka Odpověď Body Výsledky
1. Jedno české město řeší bizarní... D 1
2. Malá Amelie z Kyjeva přiměla v... Ledové království /Frozen 1
3. Ve čtvrtek měla premiéru komed... Betlémské světlo 1
4. Jako by toho ve světle událost... MOL 1
5. Českou hokejovou reprezentaci... Kari Jalonen 1
6. V dalším díle této tematické s... panda velká 1
7. Wapiti sibiřský žije v lesích... D 0
8. Na obrázku je detail kůže živo... varan komodský 1
9. Tato původně asijská rostlina... vistárie 0
10. Sumeček žraločí, štíhlohlavec... pangas (pangasius) 0